Μικρότερες Χώρες με Τουλάχιστον Ένα Σύνορο - Statistics

General Stats
  • This quiz has been taken 35 times
  • The average score is 12 of 20
Answer Stats
τ. χλμ. Σύνορα Χώρα % Correct
0.44 1 Βατικανό
100%
02.02 1 Μονακό
96%
61 1 Άγιος Μαρίνος
96%
160 2 Λίχτενσταϊν
83%
468 2 Ανδόρρα
83%
2.586 3 Λουξεμβούργο
75%
17.364 2 Εσουατίνι
71%
11.586 1 Κατάρ
63%
17.818 2 Κουβέιτ
63%
5.765 1 Μπρουνέι
58%
10.887 4 Κόσοβο
58%
14.919 1 Ανατολικό Τιμόρ
54%
11.295 1 Γκάμπια
50%
13.812 5 Μαυροβούνιο
46%
10.452 2 Λίβανος
42%
20.77 4 Ισραήλ
42%
21.041 2 Ελ Σαλβαδόρ
42%
22.966 2 Μπελίζ
42%
23.2 3 Τζιμπουτί
33%
20.273 4 Σλοβενία
21%
No matching quizzes found
Score Distribution
Percent of People with Each Score
Percentile by Number Answered
Your Score History
You have not taken this quiz